000 01156cab a22002055a 4500
001 L139719
008 070806e20070804xxkao f 000 0 eng d
035 _a(Sirsi) u139719
041 0 _aeng
100 1 _aPilkington, Lisa
245 0 0 _aFocus
_bIsle of Man and Channel Islands
260 _c2007
490 _aEstates Gazette
_v(0731) 4 August 2007, 61-71(8)
520 _aReports on progress at St Helier's major waterfront redevelopment. Progress has been slow, and not all planning has been approved. There is concern over retail provision. The mixed-use Castle Quay scheme is moving forward, with work about to start. Guernsey is to adopt "Zero 10" from 2008, a tax scheme which exempts most business profits. There are concerns it will shift the tax burden without improving business. The Isle of Man strategic plan encourages out-of-town commercial development in Douglas and the building of some 6 000 homes. It is criticised as poorly thought out and environmentally unfriendly.
590 _aKA
690 _aPROPERTY-COMMERCIAL PROPERTY-COMMERCIAL PROPERTY MARKET
700 1 _aCunningham, Daniel
700 1 _aThame, David
942 _n0
999 _c79068
_d79068